00688 2200229 4500001002100000008004100021035002000062245011500082100002500197260004500222300003100267020002200298084001600320520001300336520003000349082001000379650002100389990001200410990001200422990001200434990001200446INLIS000000000015673 ind  a0010-0323000121 aMasa Simpan dan Batas Kedaluwarsa Produk PanganbPendugaan, Pengelolaan, dan PenandaannyacPurwiyatno Hariyadi aPURWIYATNO, Hariyadi aJakarta :bGramedia Pustaka Utama,c2019 aix, 162 hal.: ilus.c23 cm a978-602-03-8822-9 a664.8 PUR m aLampiran aBibliografi : hal.161-162 a664.8 aTEKNOLOGI PANGAN a10425 a a10425 b a10425 c a10425 d